Responses for show #2298 - Wednesday, September 7, 1994

Steve Chernicoff game 5.
Alex explains that, henceforth, champions from the early months of the season leading up to the Tournament of Champions airing in November, and not just champions from the previous season, will be eligible for the tournament.

Contestants

Rose Buetikofer, a music teacher from Harleysville, Pennsylvania

Tom Epstein, a financial consultant originally from Toronto, Ontario

Steve Chernicoff, a technical writer from Berkeley, California (whose 4-day cash winnings total $59,202)

Jeopardy! Round responses

ANDREW JACKSON
CLOTHING
MUSICAL TERMS
GEOLOGY
WOMEN'S FIRSTS
SPELL THAT NAME
(Alex: And yes, the dreaded spelling category!)
    $100 17
New Orleans

Steve
    $100 13
Hawaii

Tom
    $100 4
hammer

Steve
    $100 8
volcano

Rose
    $100 23
Mary Todd Lincoln

Steve
    $100 1
K-O-P-P-E-L

Steve
    $200 18
Tennessee

Tom
    $200 14
suspenders

Steve
    $200 7
suite

Steve
    $200 10
avalanche

Steve
    $200 24
Arkansas

Steve
    $200 2
R-E-E-V-E

Steve
    $300 19
Democratic Party

Steve
    $300 28
bell bottoms

Steve
    $300 9
tone poem

Steve
    $300 11
Sugarloaf Mountain

Steve
    $300 25
the English Channel

Steve
    $300 3
(Tom: Who is Gary... G-A-R-Y?)

G-A-R-R-Y

TomRose
    $400 20
the Revolutionary War

Steve
    $400 29
skirt

Steve
    $400 16
librettist

Steve
    $400 12
sea level

Tom
    $800 26
C. Everett Koop

Steve
    $400 5
D-I-O-N-N-E

Steve
    $500 21
The Hermitage

Tom
    $500 30
white

Steve
    $500 22
humoresque

Rose
    $500 15
Cambrian

Tom
    $500 27
Purple Heart

Steve
    $500 6
(Steve: What is D-A-R-R-Y-L?)

D-A-R-Y-L

SteveRose

Scores at the first commercial break (after clue 11):

Steve Tom Rose
$1,300 -$300 $900

Scores at the end of the Jeopardy! Round:

Steve Tom Rose
$5,800 $1,400 $1,400

Double Jeopardy! Round responses

WORLD GEOGRAPHY
SONGS OF THE '60s
MYTHOLOGY
1946
WEATHER
THEATRE
    $200 2
Sahara

Steve
    $200 1
[Rose selected the first clue.]

The Beatles

Steve
    $200 7
Odin

Tom
    $200 12
W.C. Fields

Steve
    $200 17
Alaska

Steve
    $200 23
John

Steve
    $400 3
Nepal

Steve
    $400 19
Maria

Steve
    $400 8
China

Steve
    $400 13
automatic pin setter

Steve
    $400 18
humidity

Rose
    $400 24
Lazarus

Steve
    $600 4
Persian Gulf

Steve
    $600 20
black

Rose
    $600 9
Assyria

Tom
    $3,000 14
(Steve: Who is Mother Machree?)

Mother Cabrini

Steve
    $600 26
anemometer

Steve
    $600 25
Ibsen

Tom
    $800 5
Sweden

Tom
    $800 21
(Rose: Who is Louie?)

the Jolly Green Giant

Rose
Triple Stumper
    $800 10
prophecy

Steve
    $800 15
Hermann Hesse

Steve
    $800 27
cirrus

Steve
    $800 29
Commedia dell'arte

Steve
    $1000 6
Bali

Steve
    $1000 22
"Wild Thing"

Rose
    $1000 11
(Steve: I'll take 1946, my birth year, for $200.)

Minerva

Steve
    $1000 16
(Rose: What is Greece?)

Romania

SteveRose
    $5,000 28
the Doldrums

Steve
    $1000 30
(Tom: What is the Bolshoi?)

Moscow Art Theatre

Tom
Triple Stumper

Scores at the end of the Double Jeopardy! Round:

Steve Tom Rose
$18,200 $2,600 $1,600
(lock game)

[wagering suggestions for these scores]

Final Jeopardy! Round responses

AUTHORS
(Alex: A five-day total--our fourth-highest ever--$83,902! We'll see you in the Tournament of Champions. Congratulations.)
RoseWho is Wouk?
$1,599
TomWho was Crane?
$2,500
SteveWho is Herman Wouk?
$6,500
Herman Wouk

Final scores:

Steve Tom Rose
$24,700 $100 $3,199
5-day champion: $83,902 3rd place: DeLonghi espresso/cappuccino maker 2nd place: Gibson 3-piece kitchen + Aristokraff movable island work center

Game dynamics:

Coryat scores:

Steve Tom Rose
$16,800 $2,600 $1,600
41 R
(including 2 DDs),
2 W
(including 1 DD)
9 R,
2 W
7 R,
2 W

Combined Coryat: $21,000

The J! Archive is created by fans, for fans. The Jeopardy! game show and all elements thereof, including but not limited to copyright and trademark thereto, are the property of Jeopardy Productions, Inc. and are protected under law. This website is not affiliated with, sponsored by, or operated by Jeopardy Productions, Inc. Join the discussion at JBoard.tv.